00520 2200205 4500001002100000005001500021008004100036020002200077035001900099041000700118082001300125090001900138100001700157245004000174250000600214260004000220300002700260500001100287650001600298INLIS00000000000243420241224112534241224||||||||| | ||| |||| || |  a978-602-9018-09-7 0010-1224002434 aid0 a610.7301 a610.7301 ARU b0 aArum Pratiwi00aBuku Ajar Keperawatan Transkultural a1 aYogyakartabGosyen Publishingc2010 aix;150 hlm;14 x 250 cm aCet. 1 0aImu Terapan